000 00348nam a22001457a 4500
003 SGT
020 _a978-0-470-67507-6
082 _a616.01
_bP19C
245 _aCHATTERJEE,K.D.
_bPARASITOLOGY (PROTOZOOLOGY AND HELMINTHOLOGY)
250 _a13TH
260 _aINDIA
_bCBS PUB
_c2019
300 _a298
650 _aMICROBIOLOGY
942 _2ddc
_cBK
_02
999 _c19632
_d19632